| 000 | 01095nam a22002177a 4500 | ||
|---|---|---|---|
| 999 |
_c61627 _d61627 |
||
| 003 | Ge_BSU | ||
| 005 | 20240402123619.0 | ||
| 008 | 240402s2021 ge ||||| |||| 00| 0 geo d | ||
| 020 | _a9789941977084 | ||
| 041 | _ageo | ||
| 080 | _a654.197 ბ-97 | ||
| 100 |
_aბურდიე, პიერ _921678 |
||
| 245 |
_aტელევიზიის შესახებ = Sur la television / _cპიერ ბურდიე; ფრანგულიდან თარგმნა გიორგი ბარამიძემ. |
||
| 264 |
_aთბილისი : _bCarpe diem, _c2021. |
||
| 300 |
_a108 გვ. ; _b21 სმ. |
||
| 500 | _aწიგნი გამოიცა ფრანგული ინსტიტუტის საგამომცემლო დახმარების პროგრამის ხელშეწყობით. | ||
| 653 | _aტელევიზია | ||
| 653 | _aტელეგადაცემები | ||
| 700 |
_aბარამიძე, გიორგი _eმთარგმნელი _921679 |
||
| 942 |
_2udc _cBK |
||